000 00247nam a2200097Ia 4500
082 _aEKF WEEK
245 0 _aWithout you
100 _a WEEKS, Sarah New York, 2003 1st ed
_960776
942 _cBK
008 210817s9999 xx 000 0 und d
999 _c191009
_d191008